Czech Republic UEFA Euro 2024 Squad - Statistics

General Stats
  • This quiz has been taken 655 times
  • The average score is 11 of 27
Answer Stats
# Position Player % Correct
10 FW Patrik Schick
94%
22 MF © Tomáš Souček
89%
5 DF Vladimír Coufal
80%
9 FW Adam Hložek
63%
16 GK Matěj Kovář
49%
4 DF Ladislav Krejčí
47%
1 GK Jindřich Staněk
45%
3 DF Tomáš Holeš
44%
7 MF Antonín Barák
40%
26 FW Jan Kuchta
40%
19 FW Tomáš Chorý
40%
24 MF Václav Černý
39%
14 MF Lukáš Provod
37%
15 DF David Jurásek
35%
2 DF David Zima
35%
12 MF Matěj Jurásek
35%
6 DF Martin Vitík
34%
Manager Ivan Hašek
31%
13 FW Mojmír Chytil
31%
21 DF Robin Hranáč
30%
23 GK Vítězslav Jaroš
29%
11 MF Pavel Šulc
28%
8 MF Michal Sadílek
27%
18 DF David Douděra
26%
25 MF Lukáš Červ
25%
20 MF Ondřej Lingr
22%
17 DF Tomáš Vlček
17%
No matching quizzes found
Score Distribution
Percent of People with Each Score
Percentile by Number Answered
Your Score History
You have not taken this quiz